[Event "Landsturneringen NM i sjakk 2013"]
[Site "Radisson Blu Lillehammer Hotel"]
[Date "2013.06.29"]
[Round "8"]
[White "Kristensen, Trond"]
[Black "Kristiansen, Oddvar"]
[Result "1-0"]
[WhiteElo "1346"]
[BlackElo "1389"]
[PlyCount "23"]
[EventDate "2013.??.??"]

1. e4 e5 2. f4 exf4 3. Nf3 g5 4. Nc3 g4 5. Ne5 Qh4+ 6. g3 fxg3 7. Qxg4 g2+ 8.
Qxh4 gxh1=Q 9. Qh5 Nh6 10. d3 Qg1 11. Bxh6 Qg8 12. Nd5 1-0

[Event "Landsturneringen NM i sjakk 2013"]
[Site "Radisson Blu Lillehammer Hotel"]
[Date "2013.06.29"]
[Round "8"]
[White "Larsen, Bror Johannes"]
[Black "Blom, Geir"]
[Result "1/2-1/2"]
[WhiteElo "1463"]
[BlackElo "1271"]
[PlyCount "35"]
[EventDate "2013.??.??"]

1. d4 Nf6 2. Nf3 e6 3. Bf4 b6 4. e3 Bb7 5. h3 d6 6. Nbd2 Nbd7 7. c3 Be7 8. Bd3
c5 9. b4 cxd4 10. cxd4 Nd5 11. Be4 N7f6 12. Bxd5 Bxd5 13. Qa4+ Qd7 14. Qxd7+
Kxd7 15. a3 h6 16. O-O Rhc8 17. Rfc1 Rxc1+ 18. Rxc1 1/2-1/2

[Event "Landsturneringen NM i sjakk 2013"]
[Site "Radisson Blu Lillehammer Hotel"]
[Date "2013.06.29"]
[Round "8"]
[White "Lindsjørn, Yngve"]
[Black "Wærstad, Leif Edvin"]
[Result "1-0"]
[WhiteElo "1376"]
[BlackElo "1332"]
[PlyCount "53"]
[EventDate "2013.??.??"]

1. e4 c5 2. Nc3 Nc6 3. g3 Nf6 4. Bg2 d6 5. h3 e6 6. d3 Be7 7. Be3 Rb8 8. Qd2
Bd7 9. f4 b5 10. Nf3 b4 11. Ne2 O-O 12. O-O e5 13. f5 d5 14. Rad1 Nd4 15. Nxe5
Nxe2+ 16. Qxe2 d4 17. Bg5 Bb5 18. Rde1 Qc7 19. Bf4 Bd6 20. Ng4 Nxg4 21. hxg4
Rbe8 22. e5 Qb6 23. g5 g6 24. f6 Bd7 25. Bf3 h6 26. Qh2 h5 27. Bxh5 1-0

[Event "Landsturneringen NM i sjakk 2013"]
[Site "Radisson Blu Lillehammer Hotel"]
[Date "2013.06.29"]
[Round "8"]
[White "Mørkedal, Øyvind"]
[Black "Solli, Jarle"]
[Result "0-1"]
[WhiteElo "1346"]
[BlackElo "1304"]
[PlyCount "72"]
[EventDate "2013.??.??"]

1. e4 e6 2. d4 d5 3. Nc3 dxe4 4. Nxe4 Nc6 5. Nf3 e5 6. Bb5 Qd5 7. Bxc6+ bxc6 8.
Nc3 Bb4 9. Bd2 Bxc3 10. Bxc3 e4 11. Qe2 Ne7 12. Ne5 f6 13. Ng4 Nf5 14. Ne3 Nxe3
15. Qxe3 Ba6 16. b3 O-O 17. O-O-O Rfe8 18. g4 Bc8 19. Rdg1 a5 20. a4 Be6 21. g5
f5 22. h4 Qd6 23. Bb2 f4 24. Qc3 Bd5 25. Rh3 Qe6 26. Re1 e3 27. Rhh1 Bxh1 28.
d5 Qf7 29. Rxh1 f3 30. h5 exf2 31. h6 Re1+ 32. Rxe1 fxe1=Q+ 33. Qxe1 f2 34. Qf1
Re8 35. Bc3 Qf3 36. Bxa5 Qe2 0-1

[Event "Landsturneringen NM i sjakk 2013"]
[Site "Radisson Blu Lillehammer Hotel"]
[Date "2013.06.29"]
[Round "8"]
[White "Brekke, John Ivar"]
[Black "Yilmaz, Kazim"]
[Result "0-1"]
[WhiteElo "1384"]
[BlackElo "1368"]
[PlyCount "82"]
[EventDate "2013.??.??"]

1. Nf3 d5 2. b3 Nf6 3. Bb2 c5 4. e3 Nc6 5. Bb5 Bg4 6. h3 Bh5 7. g4 Bg6 8. Ne5
Qc7 9. Bxc6+ bxc6 10. d3 e6 11. f4 Bd6 12. Nd2 Rg8 13. h4 h6 14. Nxg6 fxg6 15.
Qe2 O-O-O 16. O-O-O e5 17. f5 gxf5 18. gxf5 e4 19. dxe4 Nxe4 20. Nxe4 dxe4 21.
Qc4 Qe7 22. Rdg1 Be5 23. Qe6+ Qxe6 24. fxe6 Bxb2+ 25. Kxb2 Rd6 26. Rg6 Kb8 27.
Rhg1 Re8 28. Rxg7 Rexe6 29. Rh7 Rg6 30. Rf1 Rdf6 31. Rxf6 Rxf6 32. Re7 Rf5 33.
Rxe4 Rh5 34. c4 Kc7 35. Kc3 a5 36. Kd3 Kd7 37. Ke2 Kd6 38. Kf3 Rf5+ 39. Rf4 Rh5
40. e4 Ke5 41. Kg4 Rxh4+ 0-1

[Event "Landsturneringen NM i sjakk 2013"]
[Site "Radisson Blu Lillehammer Hotel"]
[Date "2013.06.29"]
[Round "8"]
[White "Lind, Magne"]
[Black "Ødegaard, Karl Eirik"]
[Result "1/2-1/2"]
[WhiteElo "1284"]
[BlackElo "1258"]
[PlyCount "50"]
[EventDate "2013.??.??"]

1. d4 d5 2. Nf3 Nf6 3. e3 e6 4. c4 Bb4+ 5. Bd2 Bxd2+ 6. Nbxd2 O-O 7. c5 c6 8.
Bd3 b6 9. b4 a5 10. a3 Nbd7 11. O-O Qc7 12. Re1 Ba6 13. Bc2 e5 14. dxe5 Nxe5
15. Nxe5 Qxe5 16. cxb6 axb4 17. axb4 Rfb8 18. Nf3 Qc3 19. Nd4 Rxb6 20. Rc1 Qxb4
21. Nxc6 Qd6 22. Nd4 g6 23. Bd3 Rab8 24. Bxa6 Rxa6 25. Qc2 Rab6 1/2-1/2

[Event "Landsturneringen NM i sjakk 2013"]
[Site "Radisson Blu Lillehammer Hotel"]
[Date "2013.06.29"]
[Round "8"]
[White "Jakobsen, Øivind"]
[Black "Ugland, Torge"]
[Result "1-0"]
[WhiteElo "1368"]
[BlackElo "1413"]
[PlyCount "55"]
[EventDate "2013.??.??"]

1. d4 d5 2. Nf3 Nf6 3. c4 e6 4. Nc3 c6 5. e3 Nbd7 6. Bd3 dxc4 7. Bxc4 b5 8. Bd3
a6 9. O-O c5 10. a3 cxd4 11. exd4 Be7 12. Bf4 Bb7 13. Qe2 Nd5 14. Bg3 O-O 15.
Rac1 Nxc3 16. Rxc3 Rc8 17. Rfc1 Rxc3 18. Rxc3 Nf6 19. Bc7 Qd5 20. Bb6 Rc8 21.
Rxc8+ Bxc8 22. Qc2 Qb7 23. Bc5 Bd8 24. Ng5 g6 25. f3 Bd7 26. Ne4 Nd5 27. Qd2
Qc7 28. Qh6 1-0

[Event "Landsturneringen NM i sjakk 2013"]
[Site "Radisson Blu Lillehammer Hotel"]
[Date "2013.06.29"]
[Round "8"]
[White "Kirkesola, Gitle"]
[Black "Fredriksen, Frode"]
[Result "0-1"]
[WhiteElo "1287"]
[BlackElo "1331"]
[PlyCount "42"]
[EventDate "2013.??.??"]

1. e4 c5 2. Nf3 Nc6 3. d4 cxd4 4. Nxd4 g6 5. Be3 Bg7 6. Nc3 Nf6 7. Bc4 d6 8. f3
Qb6 9. Bb3 Nd7 10. Na4 Qd8 11. Bxf7+ Kxf7 12. Ne6 Qa5+ 13. Bd2 Qxa4 14. Ng5+
Ke8 15. O-O Nf6 16. Bc3 h6 17. Nh3 Bxh3 18. gxh3 Qb5 19. Qd2 Nh5 20. Bxg7 Nxg7
21. b3 Qg5+ 0-1

[Event "Landsturneringen NM i sjakk 2013"]
[Site "Radisson Blu Lillehammer Hotel"]
[Date "2013.06.29"]
[Round "8"]
[White "Kveli, Lars"]
[Black "Knutsen, Tom-Greger"]
[Result "1-0"]
[WhiteElo "1449"]
[BlackElo "1246"]
[PlyCount "71"]
[EventDate "2013.??.??"]

1. d4 e6 2. Nf3 Nf6 3. e3 c5 4. b3 b6 5. Bb2 Bb7 6. Nbd2 Nc6 7. Bd3 Be7 8. O-O
O-O 9. Rc1 Nb4 10. dxc5 Bxc5 11. a3 Nxd3 12. cxd3 Ba6 13. Nc4 Rc8 14. b4 Be7
15. Qb3 b5 16. Ncd2 Bb7 17. Nd4 Qb6 18. N2f3 Bd5 19. Qd1 a6 20. Qe2 Qb8 21. Nd2
Ba8 22. f4 Qb7 23. N2f3 Nd5 24. Ne5 Nxe3 25. Rf3 Nd5 26. Rcf1 f5 27. Rg3 Bf6
28. Rh3 Ne7 29. Rf2 Qd5 30. Qh5 h6 31. Rg3 Kh7 32. Nef3 Rg8 33. Ng5+ Kh8 34.
Ndxe6 Bxb2 35. Nf7+ Kh7 36. Neg5# 1-0

[Event "Landsturneringen NM i sjakk 2013"]
[Site "Radisson Blu Lillehammer Hotel"]
[Date "2013.06.29"]
[Round "8"]
[White "Olsen, Rolf A"]
[Black "Olsen, Jens Petter"]
[Result "0-1"]
[WhiteElo "1338"]
[BlackElo "1284"]
[PlyCount "80"]
[EventDate "2013.??.??"]

1. e4 e5 2. Nf3 Nc6 3. Bc4 Bc5 4. c3 Nf6 5. d4 exd4 6. cxd4 Bb4+ 7. Bd2 Nxe4 8.
O-O O-O 9. a3 Nxd2 10. Nbxd2 Bxd2 11. Qxd2 d5 12. Ba2 Bg4 13. Ne5 Nxe5 14. dxe5
Be6 15. Rac1 c6 16. Bb1 Re8 17. f4 Bd7 18. Rf3 Bg4 19. Rg3 Qh4 20. b4 Re6 21.
Rcc3 Qh5 22. h3 Bf5 23. Rg5 Qxg5 24. fxg5 Bxb1 25. Qd4 a6 26. h4 Rae8 27. Re3
Be4 28. a4 Rxe5 29. Qb6 R5e7 30. b5 cxb5 31. axb5 axb5 32. Qd4 Kf8 33. Rb3 Kg8
34. Rxb5 g6 35. Qa7 Kg7 36. Rxb7 Rxb7 37. Qxb7 Kf8 38. Qb2 Kg8 39. Qf2 Rc8 40.
g4 Rc1+ 0-1

[Event "Landsturneringen NM i sjakk 2013"]
[Site "Radisson Blu Lillehammer Hotel"]
[Date "2013.06.29"]
[Round "8"]
[White "Strand, Ingrid"]
[Black "Prytz, Tormod"]
[Result "1/2-1/2"]
[WhiteElo "1316"]
[BlackElo "1377"]
[PlyCount "89"]
[EventDate "2013.??.??"]

1. d4 d5 2. c4 e6 3. Nc3 Nf6 4. Nf3 c5 5. Bf4 Nc6 6. e3 Bd6 7. Ne5 Bxe5 8. Bxe5
Nxe5 9. dxe5 Nd7 10. cxd5 Nxe5 11. Bb5+ Bd7 12. Bxd7+ Qxd7 13. O-O O-O 14. e4
exd5 15. exd5 Nc4 16. b3 Nd6 17. Re1 Rfe8 18. Qd3 Rxe1+ 19. Rxe1 Re8 20. Re3
Rxe3 21. Qxe3 b6 22. h3 Kf8 23. Qd3 g6 24. Ne4 Nxe4 25. Qxe4 Qe7 26. Qf4 Qd7
27. d6 f5 28. Qe5 Kf7 29. f4 Qe6 30. Kf2 Qxe5 31. fxe5 Ke6 32. Kf3 g5 33. g3 h5
34. h4 g4+ 35. Kf4 b5 36. d7 Kxd7 37. Kxf5 c4 38. bxc4 bxc4 39. Ke4 Ke6 40. Kd4
c3 41. Kxc3 Kxe5 42. Kd3 Kd5 43. Ke3 Ke5 44. a3 a6 45. a4 1/2-1/2

[Event "Landsturneringen NM i sjakk 2013"]
[Site "Radisson Blu Lillehammer Hotel"]
[Date "2013.06.29"]
[Round "9"]
[White "Lorem, Geir F"]
[Black "Røilid, S. Kristian"]
[Result "1/2-1/2"]
[WhiteElo "1425"]
[BlackElo "1314"]
[PlyCount "52"]
[EventDate "2013.??.??"]

1. d4 d5 2. c4 dxc4 3. e3 e5 4. Bxc4 exd4 5. exd4 Nf6 6. Nf3 Nc6 7. Be3 Bb4+ 8.
Nbd2 Ne4 9. a3 Bxd2+ 10. Nxd2 Nf6 11. Nb3 O-O 12. O-O Re8 13. h3 Be6 14. Bb5
Bd5 15. Nc5 b6 16. Na6 Re7 17. Rc1 Na5 18. Nb4 Qd6 19. Bg5 Re6 20. Nxd5 Qxd5
21. Bxf6 Rxf6 22. Ba4 Rg6 23. f3 Qd6 24. Bc2 Rh6 25. b4 Rxh3 26. gxh3 Qg3+
1/2-1/2

[Event "Landsturneringen NM i sjakk 2013"]
[Site "Radisson Blu Lillehammer Hotel"]
[Date "2013.06.29"]
[Round "9"]
[White "Dyrhaug, Sverre S"]
[Black "Larsen, Bror Johannes"]
[Result "0-1"]
[WhiteElo "1335"]
[BlackElo "1463"]
[PlyCount "52"]
[EventDate "2013.??.??"]

1. e4 d6 2. d4 g6 3. Nf3 Nf6 4. Nc3 Bg7 5. Bc4 O-O 6. Bg5 h6 7. Be3 Ng4 8. Bf4
e5 9. dxe5 Nxe5 10. Nxe5 dxe5 11. Be3 c6 12. Qd2 Qxd2+ 13. Bxd2 Nd7 14. O-O-O
b5 15. Bd3 Nc5 16. Be3 Nxd3+ 17. Rxd3 Be6 18. Rhd1 Kh7 19. Bc5 Rfc8 20. Kb1 Bc4
21. Rd7 a5 22. Rb7 Rd8 23. Rxd8 Rxd8 24. Rc7 b4 25. b3 bxc3 26. bxc4 Rd1# 0-1

[Event "Landsturneringen NM i sjakk 2013"]
[Site "Radisson Blu Lillehammer Hotel"]
[Date "2013.06.29"]
[Round "9"]
[White "Brekke, John Ivar"]
[Black "Ellingsrud, Bjørn"]
[Result "1/2-1/2"]
[WhiteElo "1384"]
[BlackElo "1262"]
[PlyCount "44"]
[EventDate "2013.??.??"]

1. Nf3 Nc6 2. d4 d5 3. Bf4 e6 4. e3 Bd6 5. Nbd2 Bxf4 6. exf4 Qf6 7. c3 Qxf4 8.
Bd3 Nf6 9. O-O Qd6 10. Re1 O-O 11. Ne5 g6 12. f4 Nd7 13. Rf1 Ndxe5 14. fxe5 Qe7
15. Rf6 Nb8 16. Qg4 Nd7 17. Qg5 Kh8 18. Raf1 Nxf6 19. exf6 Qe8 20. Nf3 Rg8 21.
Ne5 Qf8 22. Rf3 h6 1/2-1/2

[Event "Landsturneringen NM i sjakk 2013"]
[Site "Radisson Blu Lillehammer Hotel"]
[Date "2013.06.29"]
[Round "9"]
[White "Yilmaz, Kazim"]
[Black "Dybvik, Bjørn Noralf"]
[Result "1/2-1/2"]
[WhiteElo "1368"]
[BlackElo "1252"]
[PlyCount "72"]
[EventDate "2013.??.??"]

1. Nf3 d5 2. c4 c6 3. cxd5 cxd5 4. e3 Nf6 5. Bb5+ Bd7 6. Nc3 Nc6 7. d4 e6 8.
O-O Bd6 9. Re1 O-O 10. e4 dxe4 11. Nxe4 Nxe4 12. Rxe4 a6 13. Ba4 b5 14. Bb3 Rc8
15. Bg5 Be7 16. Bxe7 Nxe7 17. d5 Nxd5 18. Bxd5 exd5 19. Qxd5 Bc6 20. Qxd8 Rfxd8
21. Re2 Bxf3 22. gxf3 Rd3 23. Kg2 g6 24. Rae1 Kg7 25. Re3 Rxe3 26. Rxe3 Rc2 27.
Rb3 h5 28. a3 g5 29. Rb4 f6 30. b3 Kg6 31. h3 h4 32. a4 bxa4 33. Rxa4 Rb2 34.
Rxa6 Rxb3 35. Ra4 Rd3 36. f4 Rd5 1/2-1/2

[Event "Landsturneringen NM i sjakk 2013"]
[Site "Radisson Blu Lillehammer Hotel"]
[Date "2013.06.29"]
[Round "9"]
[White "Ugland, Torge"]
[Black "Stanghelle, Anders"]
[Result "0-1"]
[WhiteElo "1413"]
[BlackElo "1333"]
[PlyCount "51"]
[EventDate "2013.??.??"]

1. e4 c5 2. d4 cxd4 3. c3 dxc3 4. Nxc3 d6 5. Bc4 Nc6 6. Nf3 a6 7. O-O Nf6 8.
Qe2 Bg4 9. Be3 e6 10. Rfd1 Ne5 11. Bb3 Be7 12. h3 Nxf3+ 13. gxf3 Bh5 14. e5 Nd7
15. exd6 Bf6 16. Nd5 O-O 17. Nf4 Bg6 18. Nxg6 hxg6 19. Rac1 Rc8 20. Rxc8 Qxc8
21. Rc1 Qb8 22. Rc7 Ne5 23. Rc2 Rc8 24. Rxc8+ Qxc8 25. Bb6 Nd7 26. Ba4 0-1

[Event "Landsturneringen NM i sjakk 2013"]
[Site "Radisson Blu Lillehammer Hotel"]
[Date "2013.06.29"]
[Round "9"]
[White "Gåsøy, Joakim"]
[Black "Hauan, Tore Martin Madsø"]
[Result "1/2-1/2"]
[WhiteElo "1277"]
[BlackElo "1367"]
[PlyCount "61"]
[EventDate "2013.??.??"]

1. e4 e5 2. Nf3 Nc6 3. d4 exd4 4. Nxd4 Nf6 5. Nxc6 bxc6 6. Bd3 Bc5 7. O-O O-O
8. Bg5 d6 9. Nd2 Re8 10. c3 a5 11. Nb3 Bb6 12. Nd4 c5 13. Nc6 Qd7 14. Bxf6 Qxc6
15. Bh4 c4 16. Bc2 Bb7 17. Re1 Re6 18. Kh1 Rae8 19. Ba4 Qc5 20. Bxe8 Rxe8 21.
Qg4 Re6 22. Bg3 h5 23. Qh4 Rg6 24. e5 Qd5 25. Rg1 Bxf2 26. e6 fxe6 27. Rad1 Qc6
28. Qxh5 Bxg1 29. Rxg1 Qe4 30. Qb5 Rxg3 31. Qe8+ 1/2-1/2

[Event "Landsturneringen NM i sjakk 2013"]
[Site "Radisson Blu Lillehammer Hotel"]
[Date "2013.06.29"]
[Round "9"]
[White "Kroken, John Olav"]
[Black "Kristensen, Trond"]
[Result "0-1"]
[WhiteElo "1275"]
[BlackElo "1346"]
[PlyCount "94"]
[EventDate "2013.??.??"]

1. d4 Nf6 2. Bf4 e6 3. e3 b6 4. c4 Bb7 5. a3 Be7 6. Nc3 d6 7. b4 Nbd7 8. Nf3
Ne4 9. Nxe4 Bxe4 10. Bd3 f5 11. Bxe4 fxe4 12. Nd2 Nf6 13. Rc1 O-O 14. c5 d5 15.
cxb6 cxb6 16. Rc7 Nh5 17. Qxh5 Rxf4 18. Rxe7 Rf5 19. Qh4 Rf7 20. O-O Qxe7 21.
Qg3 Rc8 22. h3 Qc7 23. Qg4 Qd6 24. f4 Rc2 25. Nb1 Rfc7 26. Kh2 Qe7 27. a4 Rc1
28. Rxc1 Rxc1 29. Na3 a6 30. b5 a5 31. Qh5 Rc3 32. Qe5 Rxa3 33. Qb8+ Kf7 34.
Qxb6 Rxa4 35. Qc6 Rb4 36. g4 a4 37. f5 Rc4 38. fxe6+ Kg6 39. Qxd5 Qc7+ 40. Kg2
Rc2+ 41. Kf1 Qc4+ 42. Qxc4 Rxc4 43. d5 Kf6 44. Ke2 Rb4 45. g5+ Ke7 46. Kd2 Rxb5
47. Kc3 Rxd5 0-1

[Event "Landsturneringen NM i sjakk 2013"]
[Site "Radisson Blu Lillehammer Hotel"]
[Date "2013.06.29"]
[Round "9"]
[White "Blom, Geir"]
[Black "Eggerud, Frank"]
[Result "1/2-1/2"]
[WhiteElo "1271"]
[BlackElo "1416"]
[PlyCount "111"]
[EventDate "2013.??.??"]

1. Nf3 d5 2. c4 c6 3. e3 e6 4. b3 Nf6 5. Qc2 Nbd7 6. Bb2 Be7 7. d4 b6 8. Be2
Bb7 9. O-O Rc8 10. Nbd2 c5 11. Rfd1 O-O 12. Bd3 h6 13. e4 dxe4 14. Nxe4 Qc7 15.
Ne5 Nxe5 16. dxe5 Nxe4 17. Bxe4 Bxe4 18. Qxe4 Rfd8 19. Qg4 Rxd1+ 20. Rxd1 Rd8
21. Rd6 f5 22. Rxd8+ Qxd8 23. Qe2 Bg5 24. Bc3 Bc1 25. Kf1 Qd7 26. h3 g5 27. Ke1
Kg7 28. g3 Kg6 29. f3 Kg7 30. Kf2 f4 31. g4 Be3+ 32. Kg2 a6 33. Qc2 b5 34. Kf1
b4 35. Bb2 Qd2 36. Qxd2 Bxd2 37. Ke2 Be3 38. Kd3 h5 39. Kc2 hxg4 40. hxg4 Kf7
41. Kd3 Ke7 42. Ke4 Kd7 43. Kd3 Kc6 44. Kc2 a5 45. Kd3 Kb6 46. Kc2 Ka6 47. Bc1
Bd4 48. Bb2 Bf2 49. Kd3 a4 50. Kc2 Ka5 51. Ba1 a3 52. Kd2 Kb6 53. Kd3 Be3 54.
Kc2 Kc7 55. Kd3 Kc6 56. Kc2 1/2-1/2

[Event "Landsturneringen NM i sjakk 2013"]
[Site "Radisson Blu Lillehammer Hotel"]
[Date "2013.06.29"]
[Round "9"]
[White "Knutsen, Tom-Greger"]
[Black "Strand, Ingrid"]
[Result "1-0"]
[WhiteElo "1246"]
[BlackElo "1316"]
[PlyCount "87"]
[EventDate "2013.??.??"]

1. d4 d5 2. Nf3 e6 3. Bf4 Nf6 4. e3 Nbd7 5. Nbd2 Be7 6. Bd3 Nh5 7. Bg3 Nxg3 8.
hxg3 Nf6 9. Ne5 Nd7 10. Qg4 Nxe5 11. dxe5 g6 12. O-O-O Bd7 13. Rh2 h5 14. Qe2
Bc6 15. f4 Qd7 16. g4 h4 17. g5 a6 18. Nf3 Bb5 19. Rdh1 O-O-O 20. Bxb5 axb5 21.
Nd4 c6 22. Rxh4 Rxh4 23. Rxh4 Kc7 24. Rh7 Bc5 25. Qd3 Ra8 26. Kb1 Qe7 27. Nb3
Bb6 28. Qxg6 Rf8 29. Qd3 Qe8 30. g6 c5 31. Qe2 c4 32. Nd4 Bxd4 33. exd4 Kc6 34.
g7 Rg8 35. Qg4 b4 36. f5 c3 37. f6 Qa8 38. Qd1 Qa6 39. Qd3 Qa5 40. Rh8 Qa8 41.
Rxg8 Qxg8 42. bxc3 bxc3 43. Qxc3+ Kb6 44. Qc5+ 1-0

[Event "Landsturneringen NM i sjakk 2013"]
[Site "Radisson Blu Lillehammer Hotel"]
[Date "2013.06.29"]
[Round "9"]
[White "Solli, Jarle"]
[Black "Lind, Magne"]
[Result "1-0"]
[WhiteElo "1304"]
[BlackElo "1284"]
[PlyCount "63"]
[EventDate "2013.??.??"]

1. c4 Nf6 2. e3 g6 3. Ne2 Bg7 4. g3 Nc6 5. Bg2 d6 6. d4 e5 7. O-O O-O 8. Nbc3
exd4 9. exd4 Nd7 10. Be3 Re8 11. Qd2 Ne7 12. Bg5 Nf6 13. Nd5 Nexd5 14. Bxd5 Qd7
15. Bg2 Ne4 16. Bxe4 Rxe4 17. Rfe1 Qc6 18. f3 Re8 19. Nc3 Bd7 20. Ne4 Rxe4 21.
Rxe4 Bf5 22. d5 Qd7 23. Re7 Qc8 24. Rae1 f6 25. Bh6 Bh8 26. c5 Bd7 27. Qe3 f5
28. Qg5 Bd4+ 29. Kh1 Kh8 30. Rxh7+ Kxh7 31. Re7+ Kg8 32. Qxg6+ 1-0

[Event "Landsturneringen NM i sjakk 2013"]
[Site "Radisson Blu Lillehammer Hotel"]
[Date "2013.06.29"]
[Round "9"]
[White "Sørensen, Idar"]
[Black "Kirkesola, Gitle"]
[Result "0-1"]
[WhiteElo "1230"]
[BlackElo "1287"]
[PlyCount "92"]
[EventDate "2013.??.??"]

1. d4 Nf6 2. c4 e5 3. dxe5 Ne4 4. Nf3 d6 5. Nc3 Nxc3 6. bxc3 Nc6 7. Bf4 Bg4 8.
exd6 Bxd6 9. Bxd6 Qxd6 10. Qxd6 cxd6 11. Nd4 O-O 12. e3 Rfd8 13. f3 Bh5 14. Bd3
Ne5 15. Be2 Rac8 16. Nf5 Kf8 17. Rd1 Nxc4 18. Bxc4 Rxc4 19. Rd3 Bg6 20. e4 Bxf5
21. exf5 Ra4 22. Rd2 Ra3 23. Rc2 Rc8 24. Kd2 b5 25. Rb1 a6 26. Rb3 Ra4 27. g3
Ke7 28. Rb4 Rxb4 29. cxb4 Rxc2+ 30. Kxc2 Kf6 31. g4 Ke5 32. Kd3 Kf4 33. Ke2 d5
34. h3 d4 35. Kd3 Kxf3 36. Kxd4 Kg3 37. Ke4 Kxh3 38. Kf4 f6 39. a3 g5+ 40. fxg6
hxg6 41. g5 f5 42. Ke5 Kg4 43. Kd5 f4 44. Ke4 Kxg5 45. Kd4 f3 46. Kc5 f2 0-1

[Event "Landsturneringen NM i sjakk 2013"]
[Site "Radisson Blu Lillehammer Hotel"]
[Date "2013.06.29"]
[Round "9"]
[White "Hjortås, Olav"]
[Black "Tallaksen, Henrik G"]
[Result "1-0"]
[WhiteElo "1441"]
[BlackElo "1293"]
[PlyCount "82"]
[EventDate "2013.??.??"]

1. d4 c5 2. c3 e6 3. e4 Nf6 4. e5 Nd5 5. c4 Nb6 6. Be3 cxd4 7. Bxd4 Nc6 8. Nc3
Bb4 9. a3 Nxd4 10. axb4 Nc6 11. c5 Nd5 12. Nxd5 exd5 13. Qxd5 Nxb4 14. Qe4 Nc6
15. Bd3 Qe7 16. Nf3 Qxc5 17. O-O b6 18. Rac1 Qe7 19. Rxc6 Bb7 20. Rc8+ Rxc8 21.
Qxb7 O-O 22. Qe4 g6 23. Qf4 f6 24. exf6 Rxf6 25. Bc4+ Kh8 26. Qd4 h5 27. Ng5
Qg7 28. Rd1 Rc7 29. Re1 Rc8 30. Rd1 Rc7 31. h3 Rc5 32. Ne4 Rf4 33. Qxg7+ Kxg7
34. Nxc5 Rxc4 35. Rxd7+ Kh6 36. Nd3 a5 37. Kf1 a4 38. Rb7 Rd4 39. Ke2 Rd6 40.
Kd2 Kg5 41. Ra7 Rd4 1-0

[Event "Landsturneringen NM i sjakk 2013"]
[Site "Radisson Blu Lillehammer Hotel"]
[Date "2013.06.29"]
[Round "9"]
[White "Olsen, Jens Petter"]
[Black "Mørkedal, Øyvind"]
[Result "0-1"]
[WhiteElo "1284"]
[BlackElo "1346"]
[PlyCount "66"]
[EventDate "2013.??.??"]

1. e4 e5 2. Nf3 Nc6 3. Bb5 a6 4. Ba4 Nf6 5. O-O Be7 6. Re1 b5 7. Bb3 d6 8. c3
O-O 9. h3 Bb7 10. d4 Re8 11. Bc2 Bf8 12. Nbd2 g6 13. Nf1 exd4 14. cxd4 Nb4 15.
d5 Nxc2 16. Qxc2 Qd7 17. Bg5 Bg7 18. Rac1 Rac8 19. b4 c6 20. Bxf6 Bxf6 21. Qd2
cxd5 22. exd5 Rxe1 23. Rxc8+ Qxc8 24. Nxe1 Bc3 25. Qd1 Bxb4 26. Nf3 Bc5 27. Ne3
Bxe3 28. fxe3 Qf5 29. Nh4 Qxd5 30. Qxd5 Bxd5 31. a3 a5 32. Nf3 Bxf3 33. gxf3 b4
0-1

[Event "Landsturneringen NM i sjakk 2013"]
[Site "Radisson Blu Lillehammer Hotel"]
[Date "2013.06.29"]
[Round "9"]
[White "Jacobsen, Caroline Beer"]
[Black "Jacobsen, Hans-Henry"]
[Result "0-1"]
[WhiteElo "1334"]
[BlackElo "1428"]
[PlyCount "66"]
[EventDate "2013.??.??"]

1. c4 c6 2. g3 e6 3. Bg2 d5 4. Nf3 Be7 5. O-O Bf6 6. cxd5 cxd5 7. d3 Ne7 8. Nc3
O-O 9. Bf4 Ng6 10. Qd2 Nc6 11. a3 Na5 12. Qc2 Nxf4 13. gxf4 Qd6 14. b4 Nc6 15.
e3 b6 16. d4 Bb7 17. Ne5 Rac8 18. Rac1 Bxe5 19. fxe5 Qd7 20. Qe2 f6 21. f4 Ne7
22. h4 f5 23. h5 Kh8 24. Kh2 Ng8 25. a4 Rc4 26. Qb2 Rfc8 27. Nb5 Nh6 28. Nd6
Ng4+ 29. Kh1 Qe7 30. Nxc4 Qh4+ 31. Bh3 dxc4+ 32. Kg1 Qg3+ 33. Qg2 Bxg2 0-1

[Event "Landsturneringen NM i sjakk 2013"]
[Site "Radisson Blu Lillehammer Hotel"]
[Date "2013.06.29"]
[Round "9"]
[White "Gaarder, Hans K"]
[Black "Hoem, Audun"]
[Result "1/2-1/2"]
[WhiteElo "1404"]
[BlackElo "1376"]
[PlyCount "66"]
[EventDate "2013.??.??"]

1. d4 Nf6 2. c4 e6 3. Nf3 c5 4. g3 cxd4 5. Nxd4 Nc6 6. Nf3 Bb4+ 7. Nbd2 O-O 8.
Bg2 d5 9. O-O Rb8 10. a3 Be7 11. b4 dxc4 12. Nxc4 Nd5 13. Qc2 Bf6 14. Bb2 Qc7
15. Rac1 Bd7 16. Bxf6 Nxf6 17. Rfd1 a6 18. Nce5 Rbc8 19. Nxd7 Nxd7 20. Rd3 Nde5
21. Rc3 Rfd8 22. Ng5 g6 23. h4 Qd7 24. Ne4 Ng4 25. Bf3 f5 26. Bxg4 fxe4 27.
Qxe4 Re8 28. Rd3 Qe7 29. Rcd1 Rc7 30. Rd6 e5 31. Qd5+ Kh8 32. Rd7 Rxd7 33. Qxd7
Rd8 1/2-1/2

[Event "Landsturneringen NM i sjakk 2013"]
[Site "Radisson Blu Lillehammer Hotel"]
[Date "2013.06.29"]
[Round "9"]
[White "Lindsjørn, Yngve"]
[Black "Berezkin, Alexander"]
[Result "1/2-1/2"]
[WhiteElo "1376"]
[BlackElo "1345"]
[PlyCount "45"]
[EventDate "2013.??.??"]

1. e4 e5 2. Bc4 Nf6 3. d3 d5 4. exd5 Nxd5 5. Nf3 Bg4 6. h3 Bxf3 7. Qxf3 c6 8.
O-O Be7 9. Nc3 Nf6 10. Re1 Nbd7 11. Bg5 O-O 12. Re2 Kh8 13. g4 e4 14. Qg3 exd3
15. Bxd3 Nh5 16. gxh5 Bxg5 17. f4 Bh4 18. Qg4 f5 19. Bxf5 Qb6+ 20. Kh2 Qxb2 21.
Rb1 Qxc3 22. Bxd7 Qd4 23. Bf5 1/2-1/2

[Event "Landsturneringen NM i sjakk 2013"]
[Site "Radisson Blu Lillehammer Hotel"]
[Date "2013.06.29"]
[Round "9"]
[White "Kjernlie, Ole Ivar"]
[Black "Kveli, Lars"]
[Result "1/2-1/2"]
[WhiteElo "1227"]
[BlackElo "1449"]
[PlyCount "101"]
[EventDate "2013.??.??"]

1. e4 d6 2. d4 Nf6 3. Nc3 g6 4. Be3 Bg7 5. Qd2 c6 6. Bh6 Bxh6 7. Qxh6 Qb6 8.
Qc1 Qxd4 9. Nf3 Qc5 10. h3 b5 11. a3 Bb7 12. Bd3 Nbd7 13. O-O Ne5 14. Nxe5 Qxe5
15. f4 Qc5+ 16. Kh1 Qh5 17. Be2 Qh4 18. e5 dxe5 19. fxe5 Ne4 20. Nxe4 Qxe4 21.
Bf3 Qxe5 22. Re1 Qf6 23. Qh6 O-O-O 24. Qc1 h5 25. c4 a6 26. cxb5 axb5 27. a4
bxa4 28. Rxa4 Rd6 29. Rf4 Qg5 30. Qc4 f5 31. Re6 Qxf4 32. Qxf4 Rxe6 33. Kh2 Re8
34. Qc4 Rd6 35. Qf7 Kd7 36. Kg3 Rf6 37. Qb3 Kc7 38. Kf4 e5+ 39. Kg5 Rfe6 40. g3
e4 41. Be2 Bc8 42. Qe3 R8e7 43. h4 Kd8 44. Bc4 Rd6 45. Qb6+ Rc7 46. Qc5 Rcd7
47. Qe5 Kc7 48. Be6 Re7 49. Qa5+ Kb7 50. Qb4+ Kc7 51. Qa5+ 1/2-1/2

[Event "Landsturneringen NM i sjakk 2013"]
[Site "Radisson Blu Lillehammer Hotel"]
[Date "2013.06.29"]
[Round "9"]
[White "Birkestrand, Odd H"]
[Black "Jakobsen, Øivind"]
[Result "1-0"]
[WhiteElo "1412"]
[BlackElo "1368"]
[PlyCount "105"]
[EventDate "2013.??.??"]

1. e4 c5 2. c3 d6 3. d4 cxd4 4. cxd4 e6 5. Nf3 Nf6 6. Nc3 Be7 7. Be2 Nbd7 8.
O-O O-O 9. Be3 Ng4 10. Bd2 a6 11. h3 Ngf6 12. Rc1 Nb6 13. Bd3 Nfd7 14. Ne2 f5
15. exf5 Nd5 16. Ng3 N7f6 17. fxe6 g6 18. Ng5 b5 19. Qc2 Qe8 20. Rce1 Bb7 21.
Nf7 Rxf7 22. exf7+ Qxf7 23. Ne4 Rc8 24. Qd1 Nc7 25. Qf3 Kg7 26. Qf4 Nxe4 27.
Qxf7+ Kxf7 28. Bxe4 Bxe4 29. Rxe4 Nd5 30. Rc1 Rxc1+ 31. Bxc1 Nb6 32. b3 Nd5 33.
Re2 Bf6 34. Be3 Nc3 35. Rc2 b4 36. Kf1 Ke6 37. f3 h5 38. Kf2 Kd5 39. Rd2 g5 40.
Kf1 Nb1 41. Rc2 Nc3 42. a3 a5 43. axb4 axb4 44. Rc1 Bxd4 45. Bxg5 Nb5 46. g4
hxg4 47. fxg4 Ke4 48. Kg2 Kd3 49. h4 Na3 50. Rc6 Bc5 51. Be7 Nb5 52. g5 Nd4 53.
Rxc5 1-0